Héros de Bandes Dessinées # 5 - Statistiques

Statistiques générales
  • Ce quiz a été pris 82 fois
  • Le résultat moyen est 7 sur 22
Statistiques - réponses
Par images Réponse % Correct
Riri, Fifi et Loulou
97%
Rahan
71%
Corto Maltese
68%
XIII
53%
les Bidochon
50%
Caporal Blutch
44%
Quick et Flupke
42%
Lanfeust
38%
Sergent Chesterfield
38%
Adèle Blanc-sec
36%
Conan le Barbare
33%
Captain Biceps
29%
Jo, Zette et Jocko
26%
Pascal Brutal
15%
Imbattable
12%
Captain Swing
9%
Colin Colas
6%
Campbell
5%
Capitaine Grograin
3%
Père Lacloche
3%
Fantomar le Fils de la jungle
2%
Kiwi
2%
Aucun quiz correspondant
Distribution des résultats
% des personnes avec chaque résultat
Percentile par nombre de réponses
Votre historique - résultats
Vous n’avez pas pris ce quiz